Statistics for Top 50 Wide Recievers for the 2014 NFL season.

Click here to take the quiz!

General Stats

  • This quiz has been taken 540 times
  • The average score is 32 of 50

Answer Stats

Hint Answer % Correct
Pittsburgh Steelers#3Antonio Brown
95%
Dallas Cowboys#1Dez Bryant
94%
Baltimore Ravens#44Marlon Brown
94%
Atlanta Falcons#6Julio Jones
94%
Arizona Cardinals#41John Brown
94%
New York Giants#2Odell Beckham Jr.
93%
Free Agent#47James Jones
93%
Detroit Lions#8Calvin Johnson
91%
Minnesota Vikings#38Charles Johnson
90%
Denver Broncos#4Demaryius Thomas
90%
San Diego Chargers#49Steve Johnson
90%
Cincinnati Bengals#11A.J. Green
89%
Green Bay Packers#5Jordy Nelson
89%
Arizona Cardinals#10Larry Fitzgerald
88%
Indianapolis Colts#7T.Y. Hilton
88%
Denver Broncos#12Emmanuel Sanders
81%
San Diego Chargers#14Keenan Allen
78%
Houston Texans#13DeAndre Hopkins
78%
Washington Redskins#17DeSean Jackson
77%
Tampa Bay Buccaneers#26Mike Evans
74%
New England Patriots#19Julian Edelman
74%
Buffalo Bills#31Sammy Watkins
73%
Green Bay Packers#20Randall Cobb
73%
Seattle Seahawks#22Doug Baldwin
72%
Detroit Lions#21Golden Tate
71%
Miami Dolphins#28Jarvis Landry
67%
Baltimore Ravens#43Steve Smith
67%
Chicago Bears#18Alshon Jeffery
65%
Washington Redskins#16Pierre Garcon
65%
Kansas City Chiefs#9Jeremy Maclin
63%
Dallas Cowboys#29Terrence Williams
61%
Jacksonville Jaguars#37Allen Robinson
56%
New Orleans Saints#36Brandin Cooks
55%
San Francisco 49ers#23Anquan Boldin
53%
Dallas Cowboys#40Cole Beasley
47%
San Diego Chargers#24Malcolm Floyd
44%
Arizona Cardinals#32Michael Floyd
44%
Minnesota Vikings#42Mike Wallace
42%
St. Louis Rams#25Kenny Britt
37%
Tennessee Titans#15Kendall Wright
34%
Free Agent#35Wes Welker
34%
Miami Dolphins#27Kenny Stills
32%
Philadelphia Eagles#48Riley Cooper
31%
Pittsburgh Steelers#30Markus Wheaton
29%
New England Patriots#39Brandon LaFell
24%
Indianapolis Colts#45Donte Moncrief
24%
New York Giants#46Rueben Randle
24%
Buffalo Bills#50Chris Hogan
21%
Cleveland Browns#34Andrew Hawkins
10%
Tennessee Titans#33Harry Douglas
8%

Score Distribution

Percentile by Number Answered

Percent of People with Each Score

Your Score History

You have not taken this quiz